[Event "Bochumer SV 2 - SV Erkenschwick 2"]
[Site "Verbandsliga - Gruppe 1 2021/"]
[Date "2022.01.16"]
[Round "4.5"]
[White "Schulze Bisping, Franz-Adolf"]
[Black "Peters, Olaf"]
[Result "1/2-1/2"]
[WhiteElo "1938"]
[BlackElo "1914"]
[PlyCount "29"]
[EventDate "2022.??.??"]
[WhiteTeam "SV Erkenschwick 2"]
[BlackTeam "Bochumer SV 2"]

1. d4 d5 2. c4 c6 3. cxd5 cxd5 4. Nc3 Nf6 5. Bf4 a6 6. e3 Nc6 7. Bd3 Bg4 8. f3
Bd7 9. Nge2 e6 10. g4 Be7 11. h4 b5 12. Kf2 Na5 13. Ng3 Nc4 14. Qb1 h5 15. g5
1/2-1/2

[Event "Bochumer SV 2 - SV Erkenschwick 2"]
[Site "Verbandsliga - Gruppe 1 2021/"]
[Date "2022.01.16"]
[Round "4.8"]
[White "Vonderhecken, Florian"]
[Black "Broksch, Dirk"]
[Result "1-0"]
[WhiteElo "1826"]
[BlackElo "1852"]
[PlyCount "93"]
[EventDate "2022.??.??"]
[WhiteTeam "Bochumer SV 2"]
[BlackTeam "SV Erkenschwick 2"]

1. e4 c5 2. Nf3 e6 3. d4 cxd4 4. Nxd4 a6 5. Be3 Nf6 6. Nd2 d6 7. Be2 Be7 8. O-O
Qc7 9. c4 Nbd7 10. Rc1 b6 11. Bd3 Bb7 12. Bb1 Rc8 13. Kh1 Nc5 14. f3 O-O 15.
Qe1 Rfd8 16. Qf2 Bf8 17. b3 Qb8 18. Bg5 Be7 19. Rce1 Qc7 20. f4 Ne8 21. N2f3 h6
22. Bxe7 Qxe7 23. Re3 Nf6 24. Qh4 Rc7 25. Rfe1 Ne8 26. Qf2 Qf6 27. Qg3 Rcc8 28.
f5 e5 29. Ne2 Qe7 30. Nc3 Nf6 31. Qh4 Kf8 32. h3 Nh7 33. Qf2 Nf6 34. g4 Bc6 35.
Qg3 b5 36. Rg1 bxc4 37. bxc4 Qb7 38. Rge1 Qb4 39. g5 hxg5 40. Nxg5 Qxc4 41. Rg1
Ne8 42. Qh4 f6 43. Nh7+ Ke7 44. Rxg7+ Nxg7 45. Qxf6+ Ke8 46. Qf8+ Kd7 47. Qxg7+
1-0

[Event "Bochumer SV 2 - SV Erkenschwick 2"]
[Site "Verbandsliga - Gruppe 1 2021/"]
[Date "2022.01.16"]
[Round "4.1"]
[White "Spriestersbach, Kai"]
[Black "Wolter, Detlev"]
[Result "1/2-1/2"]
[WhiteElo "1941"]
[BlackElo "2174"]
[PlyCount "41"]
[EventDate "2022.??.??"]
[WhiteTeam "SV Erkenschwick 2"]
[BlackTeam "Bochumer SV 2"]

1. e4 g6 2. d4 Bg7 3. Nc3 d6 4. Be3 a6 5. f4 b5 6. Nf3 Nd7 7. a4 b4 8. Nb1 Bb7
9. Nbd2 Ngf6 10. Bd3 O-O 11. h3 c5 12. c3 bxc3 13. bxc3 Qa5 14. Qc2 cxd4 15.
Nxd4 Rac8 16. c4 e5 17. fxe5 Qxe5 18. O-O Rfe8 19. N4f3 Qe7 20. Bd4 Nc5 21.
Rae1 1/2-1/2

[Event "Bochumer SV 2 - SV Erkenschwick 2"]
[Site "Verbandsliga - Gruppe 1 2021/"]
[Date "2022.01.16"]
[Round "4.3"]
[White "Trzaska, Peter"]
[Black "Hinkmann, Jens"]
[Result "0-1"]
[WhiteElo "2038"]
[BlackElo "1988"]
[PlyCount "46"]
[EventDate "2022.??.??"]
[WhiteTeam "SV Erkenschwick 2"]
[BlackTeam "Bochumer SV 2"]

1. Nf3 Nc6 2. c4 e5 3. Nc3 g6 4. d4 exd4 5. Nd5 Bg7 6. Bg5 Nce7 7. Nxd4 c6 8.
Nxe7 Nxe7 9. Qd2 h6 10. Bf4 d5 11. e3 a6 12. c5 Nf5 13. Be2 Qf6 {(=)} 14. Rd1
O-O 15. O-O Re8 16. Rfe1 Re4 17. Bf3 Rxf4 18. exf4 Nxd4 19. Re8+ Kh7 20. Be2
Nxe2+ 21. Qxe2 Bg4 22. f3 Rxe8 23. Qxe8 Be6 0-1

[Event "Bochumer SV 2 - SV Erkenschwick 2"]
[Site "Verbandsliga - Gruppe 1 2021/"]
[Date "2022.01.16"]
[Round "4.4"]
[White "Goralski, Christian"]
[Black "Jungbluth, Rolf"]
[Result "1-0"]
[WhiteElo "1920"]
[BlackElo "1977"]
[PlyCount "49"]
[EventDate "2022.??.??"]
[WhiteTeam "Bochumer SV 2"]
[BlackTeam "SV Erkenschwick 2"]

1. e4 c5 2. c3 d5 3. exd5 Qxd5 4. d4 e6 5. Nf3 cxd4 6. cxd4 Nf6 7. Nc3 Qd8 8.
Bd3 Be7 9. O-O a6 10. Qe2 O-O 11. Bg5 Nbd7 12. Rfd1 Re8 13. Ne5 Nf8 {(=)} 14.
Qf3 Qb6 15. Ne4 Qd8 16. Be3 Bd6 17. Ng5 Re7 18. Qh3 Bd7 19. Ng4 e5 20. Nxf6+
gxf6 21. Bxh7+ Kg7 22. Ne6+ Bxe6 (22... fxe6 23. Bh6+ (23. Bg5) (23. Qh6+ Kh8)
23... Kh8 $15) 23. Qh6+ Kh8 24. Qxf6+ Kxh7 25. Bh6 1-0

[Event "Bochumer SV 2 - SV Erkenschwick 2"]
[Site "Verbandsliga - Gruppe 1 2021/"]
[Date "2022.01.16"]
[Round "4.6"]
[White "Bautz, Volker"]
[Black "Strohmann, Marcel"]
[Result "1-0"]
[WhiteElo "1791"]
[BlackElo "1893"]
[PlyCount "45"]
[EventDate "2022.??.??"]
[WhiteTeam "Bochumer SV 2"]
[BlackTeam "SV Erkenschwick 2"]

1. d4 Nf6 2. Nc3 g6 3. e4 d6 4. f4 Bg7 5. Nf3 Bg4 6. Be3 O-O 7. h3 Bxf3 8. Qxf3
Nbd7 9. e5 Ne8 10. O-O-O c6 11. Bc4 Nc7 12. g4 b5 13. Bd3 b4 14. Ne2 Nd5 15.
Bd2 N7b6 16. h4 dxe5 17. dxe5 e6 18. h5 f5 19. Rdg1 Kf7 20. hxg6+ hxg6 21. gxf5
exf5 22. Qg2 Ne7 23. Bxb4 1-0

[Event "Dortmunder SV 1 - SV Waltrop 1"]
[Site "Verbandsliga - Gruppe 1 2021/"]
[Date "2022.01.16"]
[Round "4.1"]
[White "Eckert, Marius"]
[Black "Zeldin, Leonid"]
[Result "1-0"]
[WhiteElo "2161"]
[BlackElo "2058"]
[PlyCount "49"]
[EventDate "2022.??.??"]
[WhiteTeam "SV Waltrop 1"]
[BlackTeam "Dortmunder SV 1"]

1. d4 g6 2. Bf4 Bg7 3. Nc3 c5 4. e3 cxd4 5. exd4 Nf6 6. Nf3 d5 7. Nb5 Na6 8. h4
O-O 9. c3 Bg4 10. Be2 Nh5 11. Bh2 f6 12. Nd2 Bxe2 13. Qxe2 e5 14. g4 exd4 15.
Qe6+ Kh8 16. Nd6 Nc5 17. Nf7+ Rxf7 18. Qxf7 dxc3 19. bxc3 Nf4 20. Bxf4 Nd3+ 21.
Kf1 Nxf4 22. Re1 Qd6 23. Re7 Rg8 24. h5 h6 25. hxg6 1-0

[Event "Dortmunder SV 1 - SV Waltrop 1"]
[Site "Verbandsliga - Gruppe 1 2021/"]
[Date "2022.01.16"]
[Round "4.2"]
[White "Canzler, Harald"]
[Black "Gasper, JÃ¶rn"]
[Result "1-0"]
[WhiteElo "1953"]
[BlackElo "2084"]
[PlyCount "55"]
[EventDate "2022.??.??"]
[WhiteTeam "Dortmunder SV 1"]
[BlackTeam "SV Waltrop 1"]

1. c4 c6 2. e4 d5 3. exd5 cxd5 4. cxd5 Nf6 5. Nc3 Nxd5 6. Bc4 e6 7. Nf3 Be7 8.
O-O O-O 9. d4 Nc6 10. a3 Bf6 11. Bb3 Nxc3 12. bxc3 Na5 13. Bc2 Qd5 14. Re1 Qh5
15. Qd3 b6 16. Ne5 Bb7 17. Nd7 Rfd8 18. Nxf6+ gxf6 19. Re3 Kf8 20. a4 Qd5 21.
Rg3 f5 22. Bg5 Rdc8 23. c4 Nxc4 24. Bb3 Ba6 25. Bxc4 Rxc4 26. Qa3+ Kg8 27. Qe7
Qd8 28. Bf4+ 1-0

[Event "Dortmunder SV 1 - SV Waltrop 1"]
[Site "Verbandsliga - Gruppe 1 2021/"]
[Date "2022.01.16"]
[Round "4.3"]
[White "Atali, Dogukan"]
[Black "Brockmann, Fabian"]
[Result "1/2-1/2"]
[WhiteElo "1921"]
[BlackElo "1932"]
[PlyCount "150"]
[EventDate "2022.??.??"]
[WhiteTeam "SV Waltrop 1"]
[BlackTeam "Dortmunder SV 1"]

1. e4 c5 2. Nf3 g6 3. d4 Bg7 4. Nc3 cxd4 5. Nxd4 Nc6 6. Be3 Nf6 7. Be2 O-O 8.
O-O d6 9. h3 Bd7 10. Qd2 Nxd4 11. Bxd4 Bc6 12. Bf3 Qc7 13. Rfe1 Nd7 14. Rad1 b5
15. Nd5 Bxd5 16. Bxg7 Kxg7 17. exd5 Ne5 18. Rxe5 dxe5 19. d6 Qxd6 20. Qxd6 exd6
21. Bxa8 Rxa8 22. Rxd6 Rc8 23. c3 Rc5 24. Ra6 Rc7 25. Ra5 Rb7 26. Kf1 Kf6 27.
Ke2 Ke6 28. Kd3 Kd6 29. f4 exf4 30. Kd4 Rd7 31. Ra6+ Ke7+ 32. Ke5 g5 33. Ra5
f6+ 34. Ke4 Rb7 35. Ra6 b4 36. cxb4 Rxb4+ 37. Kf3 Rxb2 38. Rxa7+ Ke6 39. Rxh7
Rxa2 40. h4 Kf5 41. hxg5 fxg5 42. Rf7+ Kg6 43. Rf8 Ra3+ 44. Kf2 Kh5 45. Rb8 Kg4
46. Rc8 Ra2+ 47. Kg1 Kh4 48. Rh8+ Kg3 49. Rh3+ Kg4 50. Rb3 Re2 51. Rh3 Kf5 52.
Rh8 g4 53. Kf1 Rb2 54. Rg8 g3 55. Rf8+ Ke4 56. Re8+ Kd3 57. Rd8+ Ke3 58. Re8+
Kd3 59. Rd8+ Ke4 60. Re8+ Kf5 61. Rf8+ Kg5 62. Rg8+ Kh6 63. Rf8 Rf2+ 64. Kg1
Kg6 65. Rb8 Kf5 66. Rf8+ Ke4 67. Re8+ Kd3 68. Rd8+ Ke2 69. Re8+ Kd1 70. Rd8+
Rd2 71. Rf8 Rd4 72. Kf1 Kd2 73. Ra8 Ke3 74. Re8+ Re4 75. Ra8 Re5 1/2-1/2

[Event "Dortmunder SV 1 - SV Waltrop 1"]
[Site "Verbandsliga - Gruppe 1 2021/"]
[Date "2022.01.16"]
[Round "4.4"]
[White "KÃ¶hler, Eckart"]
[Black "Winterberg, Andreas"]
[Result "1-0"]
[WhiteElo "1878"]
[BlackElo "1978"]
[PlyCount "57"]
[EventDate "2022.??.??"]
[WhiteTeam "Dortmunder SV 1"]
[BlackTeam "SV Waltrop 1"]

1. d4 Nf6 2. Bf4 d5 3. e3 Bg4 4. f3 Bd7 5. c4 e6 6. Nc3 Nh5 7. cxd5 Nxf4 8.
exf4 Bd6 9. Bc4 exd5 10. Qe2+ Kf8 11. Nxd5 Nc6 12. O-O-O Be6 13. Kb1 b5 14. Bb3
Na5 15. Qe4 Nxb3 16. axb3 c6 17. Ne3 Bxb3 18. Rd3 Be6 19. Ne2 Qa5 20. d5 cxd5
21. Nxd5 Re8 22. Re3 b4 23. Rd1 b3 24. Nec3 Bd7 25. Qd3 Rc8 26. Ne7 Bxe7 27.
Qxd7 Re8 28. Rde1 Qd8 29. Qxd8 1-0

[Event "Dortmunder SV 1 - SV Waltrop 1"]
[Site "Verbandsliga - Gruppe 1 2021/"]
[Date "2022.01.16"]
[Round "4.5"]
[White "Drewes, Martin"]
[Black "Kumler, Steffen"]
[Result "1-0"]
[WhiteElo "1954"]
[BlackElo "1703"]
[PlyCount "55"]
[EventDate "2022.??.??"]
[WhiteTeam "SV Waltrop 1"]
[BlackTeam "Dortmunder SV 1"]

1. e4 c6 2. d4 d5 3. Nc3 dxe4 4. Nxe4 Bf5 5. Ng3 Bg6 6. h4 h6 7. h5 Bh7 8. Bd3
Bxd3 9. Qxd3 Nf6 10. Nf3 Nbd7 11. Bd2 e6 12. O-O-O Be7 13. Kb1 a5 14. Rhe1 Nd5
15. c4 Nb4 16. Qe2 Nf6 17. Bc3 Qc7 18. a3 Na6 19. d5 cxd5 20. cxd5 Nc5 21. Be5
Qb6 22. dxe6 Nxe6 23. Nf5 Kf8 24. Nxe7 Kxe7 25. Bd6+ Ke8 26. Ne5 Rd8 27. Nxf7
Qb3 28. Nxh8 1-0

[Event "Dortmunder SV 1 - SV Waltrop 1"]
[Site "Verbandsliga - Gruppe 1 2021/"]
[Date "2022.01.16"]
[Round "4.6"]
[White "Schulenburg, Pit"]
[Black "Breidenbach, Rolf"]
[Result "1/2-1/2"]
[WhiteElo "2014"]
[BlackElo "1937"]
[PlyCount "77"]
[EventDate "2022.??.??"]
[WhiteTeam "Dortmunder SV 1"]
[BlackTeam "SV Waltrop 1"]

1. d4 g6 2. c4 c6 3. Nc3 d5 4. cxd5 cxd5 5. Bf4 Nf6 6. e3 Bg7 7. Nf3 O-O 8. Bd3
Nc6 9. h3 b6 10. Rc1 Bb7 11. O-O Rc8 12. Qe2 Nb4 13. Bb5 a6 14. a3 axb5 15.
axb4 Rc4 16. b3 Rc8 17. Qxb5 Ra8 18. Ra1 Qc8 19. Rxa8 Bxa8 20. Na4 Qc2 21. Nxb6
Qxb3 22. Nxa8 Rxa8 23. Qc6 Qa4 24. b5 e6 25. Rc1 Bf8 26. b6 Qxc6 27. Rxc6 Ra1+
28. Kh2 Rb1 29. Ne5 Ne4 30. Nd7 Be7 31. f3 Nd2 32. h4 Nf1+ 33. Kh3 Nd2 34. g3
Rb2 35. g4 Nxf3 36. g5 Ng1+ 37. Kg3 Ne2+ 38. Kf3 Ng1+ 39. Kg3 1/2-1/2

[Event "Dortmunder SV 1 - SV Waltrop 1"]
[Site "Verbandsliga - Gruppe 1 2021/"]
[Date "2022.01.16"]
[Round "4.7"]
[White "Schmidt, Sebastian"]
[Black "BÃ¶hmfeldt, Bruno"]
[Result "0-1"]
[WhiteElo "1768"]
[BlackElo "2225"]
[PlyCount "128"]
[EventDate "2022.??.??"]
[WhiteTeam "SV Waltrop 1"]
[BlackTeam "Dortmunder SV 1"]

1. e4 c6 2. d4 g6 3. Nc3 Bg7 4. Be3 d5 5. Qd2 dxe4 6. Nxe4 Nd7 7. Bc4 Ngf6 8.
Nxf6+ Nxf6 9. c3 Ne4 10. Qe2 Nd6 11. Bb3 a5 12. Nf3 a4 13. Bc2 O-O 14. a3 Bf5
15. Bxf5 Nxf5 16. O-O Re8 17. Rad1 b5 18. Bf4 Qd5 19. Rfe1 Rad8 20. Rd2 e6 21.
Qe4 Qxe4 22. Rxe4 Ne7 23. Bg5 Rd5 24. Bxe7 Rxe7 25. Kf1 Red7 26. Rde2 R7d6 27.
Ne1 Rd8 28. Nd3 Bf8 29. Re5 Rxe5 30. Rxe5 Bd6 31. Re3 Kf8 32. Ke2 Ke7 33. g3 h5
34. h4 f6 35. f4 Kf7 36. Kf3 Rg8 37. Re2 Rc8 38. Rd2 Be7 39. Rd1 Rd8 40. Nf2
Ke8 41. Rd3 Kd7 42. Ne4 Kc7 43. Re3 Rd5 44. Re2 Kd7 45. Re1 e5 46. dxe5 fxe5
47. fxe5 Rxe5 48. Re2 c5 49. Nd2 Rxe2 50. Kxe2 Ke6 51. b3 axb3 52. Nxb3 Kd5 53.
Nd2 Bf6 54. Kd3 c4+ 55. Kc2 Be5 56. Nf1 Ke4 57. Nd2+ Kd5 58. Nf1 Bd6 59. g4
hxg4 60. Ne3+ Ke6 61. Nxg4 Bxa3 62. Nh2 Be7 63. Nf3 Bf6 64. Kd2 Kf5 0-1

[Event "Dortmunder SV 1 - SV Waltrop 1"]
[Site "Verbandsliga - Gruppe 1 2021/"]
[Date "2022.01.16"]
[Round "4.8"]
[White "Haneberg, Alexander"]
[Black "Sehrbrock, Christoph"]
[Result "1/2-1/2"]
[WhiteElo "1727"]
[BlackElo "1832"]
[PlyCount "44"]
[EventDate "2022.??.??"]
[WhiteTeam "Dortmunder SV 1"]
[BlackTeam "SV Waltrop 1"]

1. Nf3 Nf6 2. d4 c5 3. c3 e6 4. Bf4 Qb6 5. Qb3 Qxb3 6. axb3 cxd4 7. Nxd4 Nc6 8.
Nb5 Nd5 9. Bg3 Kd8 10. e4 Nf6 11. Nc7 Rb8 12. Nd2 a6 13. Nxa6 bxa6 14. Bxb8
Nxb8 15. Bd3 Bc5 16. b4 Be7 17. O-O Bb7 18. Ra2 Kc7 19. f3 Rd8 20. Nb3 d6 21.
Nd4 Kb6 22. Kh1 d5 1/2-1/2

[Event "SV Ahlen 1 - SV Unser Fritz 1"]
[Site "Verbandsliga - Gruppe 2 2021/"]
[Date "2022.01.16"]
[Round "4.1"]
[White "Distelrath, Oliver"]
[Black "Torres-Kuckel, Rafael"]
[Result "0-1"]
[WhiteElo "1858"]
[BlackElo "2063"]
[PlyCount "126"]
[EventDate "2022.??.??"]
[WhiteTeam "SV Unser Fritz 1"]
[BlackTeam "SV Ahlen 1"]

1. e4 e5 2. Nc3 Nf6 3. f4 d5 4. fxe5 Nxe4 5. d3 Nxc3 6. bxc3 Be7 7. Nf3 c5 8.
Be2 Nc6 9. O-O d4 10. Qe1 dxc3 11. Qg3 g6 12. Bh6 Be6 13. Kh1 Qd7 14. Ng5 Nd4
15. Nxe6 fxe6 16. Bd1 Nf5 17. Qf4 O-O-O 18. Bf3 Qd4 19. Rab1 b6 20. g4 Qxf4 21.
Bxf4 Nd4 22. Bh6 Rdg8 23. Be4 g5 24. Rf7 Kd8 25. Bg7 Ke8 26. Rbf1 Nf5 27. gxf5
Kxf7 28. Bxh8 Rxh8 29. f6 Bd8 30. Bf3 h5 31. Kg2 g4 32. Bd1 Bc7 33. Re1 Rg8 34.
Kg3 Rg5 35. Kh4 Rf5 36. h3 Bxe5 37. hxg4 Bxf6+ 38. Kh3 hxg4+ 39. Bxg4 Re5 40.
Rf1 Ke7 41. Kg3 c4 42. dxc4 Re4 43. c5 bxc5 44. Kf3 Rb4 45. Re1 e5 46. Rd1 Rf4+
47. Kg3 Ra4 48. Rd7+ Ke8 49. Rd6 Kf7 50. Rc6 Be7 51. Be6+ Kg7 52. Bb3 Rd4 53.
Rc7 Kf6 54. Rxa7 c4 55. Ba4 e4 56. Ra6+ Bd6+ 57. Kf2 Ke5 58. Ra8 Kf4 59. Rh8
e3+ 60. Ke1 Rd2 61. Rh4+ Kg5 62. Rh3 Bf4 63. Kf1 Kg4 0-1

[Event "SV Ahlen 1 - SV Unser Fritz 1"]
[Site "Verbandsliga - Gruppe 2 2021/"]
[Date "2022.01.16"]
[Round "4.2"]
[White "Steinle, Carsten"]
[Black "Nowicki, Heiko"]
[Result "1/2-1/2"]
[WhiteElo "2074"]
[BlackElo "1787"]
[PlyCount "70"]
[EventDate "2022.??.??"]
[WhiteTeam "SV Ahlen 1"]
[BlackTeam "SV Unser Fritz 1"]

1. e4 c5 2. b3 Nc6 3. Bb2 d6 4. f4 Nf6 5. Nc3 Nd4 6. Nf3 Bg4 7. Be2 Nxe2 8.
Qxe2 e6 9. h3 Bxf3 10. Qxf3 Be7 11. O-O-O Rc8 12. d3 Nd7 13. g4 Bf6 14. g5 Bd4
15. Ne2 Bxb2+ 16. Kxb2 b5 17. c4 Rb8 18. Nc3 a6 19. Rc1 Qb6 20. h4 bxc4 21.
dxc4 Qb4 22. Qd3 Nb6 23. Ka1 O-O 24. h5 d5 25. exd5 exd5 26. Nxd5 Nxd5 27. Qxd5
Rfd8 28. Qe5 Rd2 29. Qc3 Qxc3+ 30. Rxc3 Re8 31. h6 Ree2 32. hxg7 Rxa2+ 33. Kb1
Rab2+ 34. Ka1 Ra2+ 35. Kb1 Rab2+ 1/2-1/2

[Event "SV Ahlen 1 - SV Unser Fritz 1"]
[Site "Verbandsliga - Gruppe 2 2021/"]
[Date "2022.01.16"]
[Round "4.3"]
[White "Rutz, Dirk"]
[Black "Volesky, Alexander"]
[Result "0-1"]
[WhiteElo "2003"]
[BlackElo "2013"]
[PlyCount "96"]
[EventDate "2022.??.??"]
[WhiteTeam "SV Unser Fritz 1"]
[BlackTeam "SV Ahlen 1"]

1. c4 Nf6 2. Nc3 e5 3. g3 d6 4. Bg2 Be7 5. d3 c6 6. e4 a5 7. Nge2 Nbd7 8. O-O
h5 9. h3 h4 10. g4 Nf8 11. f4 Qb6+ 12. Kh1 exf4 13. Bxf4 Ng6 14. Bh2 O-O 15. d4
Be6 16. b3 Rad8 17. Qd2 d5 18. cxd5 cxd5 19. e5 Ne8 20. Rac1 Bb4 21. Qd3 Nc7
22. Nf4 Nxf4 23. Bxf4 Be7 24. Rfd1 Qa6 25. Qe3 Nb5 26. Bf1 Bd7 27. a4 Nxc3 28.
Bxa6 Nxd1 29. Rxd1 bxa6 30. Bg5 Bxg5 31. Qxg5 Rb8 32. Rd3 Rfc8 33. Qxh4 Rc2 34.
Qe1 Rbc8 35. Qxa5 g6 36. Rd2 R2c3 37. Kh2 Rxb3 38. Qxd5 Be6 39. Qe4 Rcc3 40. d5
Rxh3+ 41. Kg2 Rbg3+ 42. Kf2 Bxg4 43. Re2 Bf3 44. e6 Rg2+ 45. Ke1 Rxe2+ 46. Qxe2
Bxe2 47. e7 Re3 48. d6 Bb5+ 0-1

[Event "SV Ahlen 1 - SV Unser Fritz 1"]
[Site "Verbandsliga - Gruppe 2 2021/"]
[Date "2022.01.16"]
[Round "4.4"]
[White "Woestmann, Ulrich"]
[Black "Jungbluth, Michael"]
[Result "1/2-1/2"]
[WhiteElo "1999"]
[BlackElo "2003"]
[PlyCount "43"]
[EventDate "2022.??.??"]
[WhiteTeam "SV Ahlen 1"]
[BlackTeam "SV Unser Fritz 1"]

1. e4 e6 2. d4 d5 3. exd5 exd5 4. Nf3 Bd6 5. c4 c6 6. cxd5 cxd5 7. Bb5+ Bd7 8.
Qe2+ Qe7 9. Nc3 Qxe2+ 10. Kxe2 Ne7 11. Bxd7+ Nxd7 12. Nb5 Bb8 13. Bg5 f6 14.
Bd2 a6 15. Nc3 Kf7 16. Na4 Bd6 17. Rac1 Rhc8 18. b4 b6 19. a3 a5 20. Rxc8 Nxc8
21. bxa5 Bxa3 22. Nxb6 1/2-1/2

[Event "SV Ahlen 1 - SV Unser Fritz 1"]
[Site "Verbandsliga - Gruppe 2 2021/"]
[Date "2022.01.16"]
[Round "4.5"]
[White "Mueller, Martin"]
[Black "Starp, Klaus"]
[Result "1-0"]
[WhiteElo "2042"]
[BlackElo "1912"]
[PlyCount "61"]
[EventDate "2022.??.??"]
[WhiteTeam "SV Unser Fritz 1"]
[BlackTeam "SV Ahlen 1"]

1. e4 c5 2. Nf3 d6 3. d4 cxd4 4. Nxd4 Nf6 5. Nc3 a6 6. Bg5 e6 7. f4 Be7 8. Qf3
Qc7 9. O-O-O Nbd7 10. Kb1 h6 11. Bh4 g5 12. fxg5 Ne5 13. Qe2 Nfg4 14. Nf3 Nxf3
15. gxf3 hxg5 16. Bg3 Ne5 17. Qf2 Bd7 18. Be2 O-O-O 19. Rd2 Kb8 20. Rhd1 Bc6
21. Qd4 Rde8 22. a4 f5 23. b4 f4 24. Bf2 Rxh2 25. b5 axb5 26. Qa7+ Kc8 27. axb5
Bd7 28. Bb6 Qb8 29. Qa2 Reh8 30. Rd4 R8h6 31. Ra4 1-0

[Event "SV Ahlen 1 - SV Unser Fritz 1"]
[Site "Verbandsliga - Gruppe 2 2021/"]
[Date "2022.01.16"]
[Round "4.6"]
[White "Voelker, Andreas"]
[Black "Tober, Julian"]
[Result "0-1"]
[WhiteElo "1794"]
[BlackElo "1795"]
[PlyCount "64"]
[EventDate "2022.??.??"]
[WhiteTeam "SV Ahlen 1"]
[BlackTeam "SV Unser Fritz 1"]

1. e4 c5 2. d4 cxd4 3. c3 g6 4. Nf3 Bg7 5. cxd4 d5 6. e5 Bg4 7. Be2 Bxf3 8.
Bxf3 e6 9. O-O Ne7 10. Nc3 O-O 11. Be3 Nbc6 12. Rc1 Nf5 13. Qd2 f6 14. Bg4 fxe5
15. Bg5 Qa5 16. dxe5 Nxe5 17. Bxf5 Rxf5 18. h4 h6 19. Be7 Re8 20. b4 Qb6 21.
Bc5 Qd8 22. f4 Nc4 23. Qf2 b6 24. g4 bxc5 25. bxc5 Rf7 26. Nb5 Ref8 27. Qg3 a6
28. Nc3 Qc7 29. Ne2 Qxc5+ 30. Kh2 Qe3 31. Qg2 Qd2 32. Rcd1 Qxa2 0-1

[Event "SV Ahlen 1 - SV Unser Fritz 1"]
[Site "Verbandsliga - Gruppe 2 2021/"]
[Date "2022.01.16"]
[Round "4.7"]
[White "Koch, Till"]
[Black "Dreesbach, Harald"]
[Result "1/2-1/2"]
[WhiteElo "1812"]
[BlackElo "1802"]
[PlyCount "28"]
[EventDate "2022.??.??"]
[WhiteTeam "SV Unser Fritz 1"]
[BlackTeam "SV Ahlen 1"]

1. e4 g6 2. d4 Bg7 3. Nf3 d6 4. Be3 c6 5. c3 Qc7 6. Nbd2 b5 7. Be2 Nd7 8. Rc1
Rb8 9. b4 Ngf6 10. h3 O-O 11. O-O a6 12. Ne1 e5 13. f4 Bh6 14. Nc2 Re8 1/2-1/2

[Event "SV Ahlen 1 - SV Unser Fritz 1"]
[Site "Verbandsliga - Gruppe 2 2021/"]
[Date "2022.01.16"]
[Round "4.8"]
[White "Jaeger, Niklas"]
[Black "Wolf, Franz"]
[Result "1-0"]
[WhiteElo "1718"]
[BlackElo "1638"]
[PlyCount "101"]
[EventDate "2022.??.??"]
[WhiteTeam "SV Ahlen 1"]
[BlackTeam "SV Unser Fritz 1"]

1. d4 d5 2. e3 Nf6 3. Bd3 Nc6 4. f4 Nb4 5. Bb5+ Bd7 6. Bxd7+ Qxd7 7. Bd2 e6 8.
Bxb4 Bxb4+ 9. c3 Bd6 10. Nf3 Qb5 11. Qe2 Qxe2+ 12. Kxe2 Ne4 13. Nbd2 Nxd2 14.
Kxd2 Rc8 15. b4 h6 16. Rac1 b6 17. b5 c5 18. a4 c4 19. Ra1 f6 20. Rhe1 Kd7 21.
g3 Rhf8 22. e4 g5 23. e5 fxe5 24. Nxe5+ Bxe5 25. fxe5 Rf2+ 26. Re2 Rcf8 27. a5
R8f3 28. axb6 axb6 29. Ra7+ Kd8 30. Ra3 Rf1 31. Ra8+ Kc7 32. Ra7+ Kb8 33. Re7
Rd3+ 34. Kc2 Rdd1 35. Rxe6 Rc1+ 36. Kb2 Rb1+ 37. Ka3 Rxb5 38. Ka2 Rbb1 39. Rxh6
Ra1+ 40. Kb2 Rfb1+ 41. Kc2 Rc1+ 42. Kd2 Rd1+ 43. Ke3 Kc7 44. Rh7+ Kd8 45. e6
Re1 46. Rd7+ Ke8 47. Rxd5 Ke7 48. Rxg5 Rxe2+ 49. Kxe2 Ra2+ 50. Kd1 Rxh2 51. d5
1-0

[Event "SV Günnigfeld 1 - SV Bottrop 1"]
[Site "Verbandsliga - Gruppe 2 2021/"]
[Date "2022.01.16"]
[Round "4.1"]
[White "Stadtmann, Jens"]
[Black "Freisen, Thomas"]
[Result "1-0"]
[WhiteElo "2171"]
[BlackElo "1966"]
[PlyCount "31"]
[EventDate "2022.??.??"]
[WhiteTeam "SV Bottrop 1"]
[BlackTeam "SV Günnigfeld 1"]

1. c4 Nf6 2. Nc3 c5 3. Nf3 d5 4. cxd5 Nxd5 5. g3 Nc6 6. Bg2 g6 7. d3 Bg7 8. Bd2
O-O 9. O-O Nc7 10. a3 Rb8 11. Rb1 Ne6 12. b4 cxb4 13. axb4 Ned4 14. Nxd4 Qxd4
15. b5 Nd8 16. Nd5 1-0

[Event "SV Günnigfeld 1 - SV Bottrop 1"]
[Site "Verbandsliga - Gruppe 2 2021/"]
[Date "2022.01.16"]
[Round "4.2"]
[White "Kuekenbrink, Christopher"]
[Black "Boehm, Joachim"]
[Result "0-1"]
[WhiteElo "1969"]
[BlackElo "2194"]
[PlyCount "58"]
[EventDate "2022.??.??"]
[WhiteTeam "SV Günnigfeld 1"]
[BlackTeam "SV Bottrop 1"]

1. d4 d5 2. Nf3 Nf6 3. c4 e6 4. g3 c6 5. Bg2 Be7 6. O-O O-O 7. Qc2 b6 8. b3 Bb7
9. Bb2 Na6 10. Nbd2 Rc8 11. e4 c5 12. exd5 exd5 13. Ne5 cxd4 14. Bxd4 Qc7 15.
Bh3 Rcd8 16. Qb2 Rfe8 17. Rac1 dxc4 18. Ndxc4 Qb8 19. Ng4 Nxg4 20. Bxg4 f6 21.
h4 Ba8 22. Be6+ Kh8 23. Bh3 Nc5 24. Rcd1 Qb7 25. Kh2 Ne6 26. Be3 b5 27. Na5 Qf3
28. Rde1 Bb4 29. Qe2 Bxa5 0-1

[Event "SV Günnigfeld 1 - SV Bottrop 1"]
[Site "Verbandsliga - Gruppe 2 2021/"]
[Date "2022.01.16"]
[Round "4.3"]
[White "Masberg, Stefan"]
[Black "Jaennekes, Oliver"]
[Result "0-1"]
[WhiteElo "1917"]
[BlackElo "1934"]
[PlyCount "146"]
[EventDate "2022.??.??"]
[WhiteTeam "SV Bottrop 1"]
[BlackTeam "SV Günnigfeld 1"]

1. e4 c5 2. Nf3 d6 3. d4 cxd4 4. Nxd4 Nf6 5. Nc3 a6 6. a4 e5 7. Nf3 Be7 8. Bc4
O-O 9. O-O Bg4 10. Re1 Nbd7 11. Nd5 Nxd5 12. Bxd5 Rb8 13. h3 Bh5 14. b4 b5 15.
a5 Nf6 16. Bb3 h6 17. Ba3 Qc7 18. Qd3 Rfc8 19. Bb2 Bg6 20. Nh4 Bh7 21. Nf5 Bxf5
22. exf5 Qc6 23. Rac1 Rc7 24. c4 bxc4 25. Rxc4 Qb5 26. Ba3 d5 27. Rc3 Rxc3 28.
Qxc3 Bxb4 29. Bxb4 Qxb4 30. Qxb4 Rxb4 31. Bc2 e4 32. f3 Rb2 33. Bd1 Ra2 34.
fxe4 dxe4 35. Bb3 Rxa5 36. Kf2 Rxf5+ 37. Ke3 Rb5 38. Bc4 Ra5 39. Rd1 Ra3+ 40.
Ke2 Kf8 41. Rd8+ Ke7 42. Ra8 a5 43. Ra7+ Kd6 44. Rxf7 Rg3 45. Kf2 Rg5 46. Ra7
Rc5 47. Bb3 g5 48. Ra6+ Ke5 49. Re6+ Kf5 50. g4+ Kg6 51. Ra6 Rc3 52. Bd5 Rxh3
53. Bxe4+ Kg7 54. Ra7+ Kf8 55. Bf3 Rh2+ 56. Bg2 Nxg4+ 57. Kg3 Rh4 58. Rxa5 Nf6
59. Ra7 Rb4 60. Bc6 Rb3+ 61. Kg2 Rc3 62. Bf3 Re3 63. Kf2 Re7 64. Ra6 Kg7 65.
Bg2 Kg6 66. Kg3 Re3+ 67. Kf2 Re5 68. Kg3 h5 69. Kf2 Kf5 70. Ra8 g4 71. Kg3 Kg5
72. Ra4 h4+ 73. Kh2 Nh5 0-1

[Event "SV Günnigfeld 1 - SV Bottrop 1"]
[Site "Verbandsliga - Gruppe 2 2021/"]
[Date "2022.01.16"]
[Round "4.4"]
[White "Radi, Guenter"]
[Black "Gierse, Heinz-Dieter"]
[Result "1/2-1/2"]
[WhiteElo "1855"]
[BlackElo "1896"]
[PlyCount "86"]
[EventDate "2022.??.??"]
[WhiteTeam "SV Günnigfeld 1"]
[BlackTeam "SV Bottrop 1"]

1. d4 Nf6 2. c4 g6 3. Nc3 Bg7 4. e4 d6 5. Nf3 O-O 6. Be2 e5 7. d5 Nbd7 8. O-O
a5 9. h3 Nc5 10. Qc2 Nh5 11. Be3 Nf4 12. Bxf4 exf4 13. Nd2 f5 14. Bf3 Bd7 15.
Nb3 fxe4 16. Nxe4 Nxe4 17. Bxe4 a4 18. Nd2 a3 19. Rae1 axb2 20. Qb3 b6 21. Nb1
Qf6 22. a3 Rfe8 23. Qf3 Re7 24. Re2 Rae8 25. Rfe1 b5 26. cxb5 Bxb5 27. Bd3 Rxe2
28. Rxe2 Rxe2 29. Bxe2 Bxe2 30. Qxe2 Qe5 31. Qxe5 Bxe5 32. Kf1 Kf7 33. Ke2 Bd4
34. f3 Kf6 35. Kd3 Ke5 36. Kc4 Bb6 37. a4 Ba5 38. Na3 Be1 39. Nb1 g5 40. Na3 h5
41. Nb1 Bf2 42. a5 Ba7 43. a6 Bd4 1/2-1/2